| 000 | 00957cam a22002655a 4500 | ||
|---|---|---|---|
| 001 | L159029 | ||
| 008 | 150226s2014 xxk f 000 0 eng d | ||
| 035 | _a(Sirsi) u159029 | ||
| 041 | 0 | _aeng | |
| 110 | 2 |
_aGrosvenor Estate _9357 |
|
| 245 | 0 | 0 |
_aResilient cities _bA Grosvenor research report _h[electronic resource] |
| 260 |
_bGrosvenor _c2014 |
||
| 520 | _aA three years study ranks 50 of the world's most important cities according to their long term resilience. | ||
| 590 | _aKA | ||
| 650 | 2 | 4 | _aCITIES |
| 650 | 2 | 4 | _aRISK MANAGEMENT |
| 650 | 2 | 4 | _aINVESTMENT ANALYSIS |
| 650 | 2 | 4 | _aLONG-TERM INVESTMENT |
| 650 | 2 | 4 | _aREAL ESTATE INVESTMENT MARKET |
| 651 | 4 | _aInternational | |
| 690 |
_aInvestments _96250 |
||
| 690 |
_aCommercial property _96227 |
||
| 856 | 4 | 0 |
_uhttps://www.grosvenor.com/getattachment/194bb2f9-d778-4701-a0ed-5cb451044ab1/ResilientCitiesResearchReport.pdf _zView the item free of charge from www.grosvenor.com |
| 942 | _n0 | ||
| 999 |
_c115634 _d115634 |
||